000 00426nam a2200145 a 4500
001 000045059
005 20201002045838.0
008 150130s1993 waua 000 0 spa d
040 _aDO-SdBNP
_bspa
_cBNPHU
082 _axxxx
_bxxxx
100 1 _aAitken, Jonathan,
_d1942-
_973070
245 1 0 _aNixon :
_ba life /
_cJonathan Aitken.
260 _aWashington :
_bRegnery Publishing,
_c1993.
300 _axiv, 633 p. :
_bill. ;
_c25 cm.
999 _c44548
_d44548